000 00663nam a2200241Ia 4500
003 OSt
005 20221006164848.0
006 a|||||r|||| 00| 0
007 ta
008 221006b |||||||| |||| 00| 0 eng d
024 _a597
037 _cTextual
040 _aFML
_cFML
_beng
041 _2eng
_aeng
082 _az2, M2
100 _aDutt Ashok K. Au.
_9678519
245 0 _aIndian
_b Cultural Patterns And Processcaes
260 _aColorado
_bWest View
_c1982
300 _a287
_ccm.
700 _a Noble Aelen G. Au.
_9678520
942 _hz2, M2
_cTEXL
_2CC
999 _c1118742
_d1118742